[Event "MCRE_KT29"]
[Site "?"]
[Date "????.??.??"]
[Round "?"]
[White "Kratochvil, Jan"]
[Black "Cerveny, Libor"]
[Result "1/2-1/2"]
[WhiteElo "1829"]
[BlackElo "1935"]
[PlyCount "77"]
[EventDate "2007.??.??"]
[EventType "tourn"]
[EventRounds "2"]
[SourceDate "2007.01.09"]

1. e4 e6 2. d4 d5 3. Nd2 dxe4 4. Nxe4 Nd7 5. Nf3 Ngf6 6. Nxf6+ Nxf6 7. c3 Be7
8. Qa4+ Bd7 9. Qb3 Bc6 10. Bb5 O-O 11. Bxc6 bxc6 12. O-O c5 13. Rd1 cxd4 14.
Rxd4 Qc8 15. Bf4 c5 16. Ra4 Rd8 17. Qc2 Qb7 18. Re1 Rd5 19. c4 Rf5 20. Be5 Nd7
21. Bg3 Rd8 22. Ra3 Nb8 23. Qb3 Qxb3 24. Rxb3 Nc6 25. Rb7 g5 26. Rc7 g4 27.
Rxc6 gxf3 28. gxf3 Rxf3 29. Kg2 Rfd3 30. Re3 Rxe3 31. fxe3 Rd7 32. Kf3 Kg7 33.
b3 Kg6 34. Bb8 Rb7 35. Bd6 Bxd6 36. Rxd6 Rc7 37. Kf4 Kf6 38. e4 Ke7 39. e5
1/2-1/2

[Event "MCRE_KT29"]
[Site "?"]
[Date "????.??.??"]
[Round "?"]
[White "Cerveny, Libor"]
[Black "Kratochvil, Jan"]
[Result "1/2-1/2"]
[WhiteElo "1935"]
[BlackElo "1829"]
[PlyCount "76"]
[EventDate "2007.??.??"]
[EventType "tourn"]
[EventRounds "2"]
[SourceDate "2007.01.09"]

1. e4 c5 2. Nf3 d6 3. d4 cxd4 4. Nxd4 Nf6 5. Nc3 g6 6. Be2 Nc6 7. O-O Bg7 8.
Be3 O-O 9. f4 Qb6 10. e5 dxe5 11. fxe5 Nxe5 12. Nf5 Qe6 13. Nxg7 Kxg7 14. Qd2
Kg8 15. Rae1 Qd7 16. Bb5 Qxd2 17. Bxd2 Nc6 18. Bxc6 bxc6 19. Bh6 Rd8 20. Rxe7
Bf5 21. h3 Nd5 22. Nxd5 cxd5 23. c3 Re8 24. Rc7 Rec8 25. Rxc8+ Rxc8 26. Be3 Re8
27. Bxa7 Ra8 28. Bd4 Rxa2 29. b4 Bd3 30. Rf3 Bc4 31. Rf6 Ra1+ 32. Kf2 Rf1+ 33.
Ke3 Re1+ 34. Kf4 Rf1+ 35. Ke5 Rxf6 36. Kxf6 Kf8 37. g3 h5 38. h4 Ke8 1/2-1/2

[Event "MCRE_KT29"]
[Site "?"]
[Date "????.??.??"]
[Round "?"]
[White "Kratochvil, Jan"]
[Black "Slechta, Vladimir"]
[Result "1/2-1/2"]
[WhiteElo "1829"]
[BlackElo "1994"]
[PlyCount "68"]
[EventDate "2007.??.??"]
[EventType "tourn"]
[EventRounds "2"]
[SourceDate "2007.01.09"]

1. e4 e5 2. Nf3 Nf6 3. d4 exd4 4. e5 Ne4 5. Qxd4 d5 6. exd6 Nxd6 7. Nc3 Nc6 8.
Qf4 g6 9. Be3 Bg7 10. O-O-O Bxc3 11. bxc3 Be6 12. Nd4 O-O 13. h4 Nxd4 14. Bxd4
f6 15. Bd3 Bxa2 16. g4 Qe7 17. Rde1 Qd7 18. g5 Bc4 19. h5 Bxd3 20. cxd3 Qa4 21.
hxg6 Qa1+ 22. Kc2 Qa2+ 23. Kd1 Qb1+ 24. Kd2 Qa2+ 25. Ke3 Rae8+ 26. Kf3 Qd5+ 27.
Re4 hxg6 28. Qh2 Qf5+ 29. Ke2 Rxe4+ 30. dxe4 Qxe4+ 31. Kd2 Kf7 32. gxf6 Ke6 33.
Re1 Nc4+ 34. Kd1 Nb2+ 1/2-1/2

[Event "MCRE_KT29"]
[Site "?"]
[Date "????.??.??"]
[Round "?"]
[White "Slechta, Vladimir"]
[Black "Kratochvil, Jan"]
[Result "1/2-1/2"]
[WhiteElo "1994"]
[BlackElo "1829"]
[PlyCount "94"]
[EventDate "2007.??.??"]
[EventType "tourn"]
[EventRounds "2"]
[SourceDate "2007.01.09"]

1. d4 Nf6 2. c4 e6 3. Nf3 b6 4. g3 Bb4+ 5. Bd2 Bxd2+ 6. Qxd2 Ba6 7. b3 d5 8.
cxd5 exd5 9. Qe3+ Qe7 10. Qxe7+ Kxe7 11. Nc3 c6 12. Bg2 Rd8 13. O-O Nbd7 14.
Rfe1 Ne4 15. Rac1 Rac8 16. Bh3 Nxc3 17. Rxc3 Rc7 18. Rec1 Nb8 19. Nd2 Kd6 20.
e4 dxe4 21. Nxe4+ Ke7 22. Re3 Kf8 23. Rce1 Re7 24. Ng5 Rxe3 25. fxe3 h6 26. Ne4
g6 27. a3 Nd7 28. Rc1 f5 29. Nf2 Re8 30. e4 c5 31. exf5 cxd4 32. fxg6 Nc5 33.
b4 d3 34. Rd1 d2 35. Rxd2 Re1+ 36. Kg2 Bb7+ 37. Ne4 Bxe4+ 38. Kf2 Rh1 39. Rd8+
Kg7 40. bxc5 Rxh2+ 41. Ke3 Rxh3 42. Kxe4 bxc5 43. Kf4 Rh1 44. Rd7+ Kxg6 45.
Rxa7 Rf1+ 46. Ke4 Rg1 47. Kf4 Rf1+ 1/2-1/2

[Event "MCRE_KT29"]
[Site "?"]
[Date "????.??.??"]
[Round "?"]
[White "Slechta, Vladimir"]
[Black "Struzka, Vlastimil"]
[Result "1-0"]
[WhiteElo "1994"]
[BlackElo "2094"]
[PlyCount "87"]
[EventDate "2007.??.??"]
[EventType "tourn"]
[EventRounds "2"]
[SourceDate "2007.01.09"]

1. d4 d5 2. c4 e6 3. Nf3 Nf6 4. Bg5 c6 5. e3 h6 6. Bf4 Nbd7 7. Nbd2 Be7 8. Bd3
O-O 9. O-O Nh5 10. Be5 f6 11. Bg3 Nxg3 12. hxg3 f5 13. Qc2 Bd6 14. cxd5 cxd5
15. Rfc1 Qe7 16. a4 Rb8 17. a5 a6 18. Nb3 Qf6 19. Qd1 e5 20. dxe5 Nxe5 21. Nc5
Bxc5 22. Rxc5 Nxf3+ 23. gxf3 Qxb2 24. Rb1 Qa3 25. Qc2 Be6 26. Rb3 Qa1+ 27. Kg2
Bd7 28. Qb1 Qe5 29. Rxb7 Qd6 30. Rxd5 Qxd5 31. Rxb8 Rxb8 32. Qxb8+ Kh7 33. Bxa6
Bc6 34. Qf4 Qxa5 35. Bc4 Qc5 36. Be6 Be8 37. Bxf5+ Bg6 38. Bxg6+ Kxg6 39. g4
Qb5 40. e4 Qd7 41. Qf5+ Qxf5 42. gxf5+ Kf6 43. Kg3 Ke5 44. Kg4 1-0

[Event "MCRE_KT29"]
[Site "?"]
[Date "????.??.??"]
[Round "?"]
[White "Struzka, Vlastimil"]
[Black "Cerveny, Libor"]
[Result "0-1"]
[WhiteElo "2094"]
[BlackElo "1935"]
[PlyCount "108"]
[EventDate "2007.??.??"]
[EventType "tourn"]
[EventRounds "2"]
[SourceDate "2007.01.09"]

1. d4 d5 2. c4 c6 3. e3 Bf5 4. cxd5 cxd5 5. Qb3 Qc7 6. Nc3 e6 7. Nf3 Be7 8. Bd2
Nc6 9. Rc1 Nf6 10. Nh4 Bg4 11. Bd3 O-O 12. O-O Ne4 13. Bxe4 dxe4 14. f3 exf3
15. Nxf3 Qd7 16. Be1 Rac8 17. Bg3 Rfd8 18. Ne5 Nxe5 19. Bxe5 Rc6 20. a3 Rdc8
21. Qa4 a6 22. Ra1 b5 23. Qb3 Rc4 24. Bg3 f6 25. Rf2 Bd8 26. Raf1 Bf5 27. Rf4
Bc7 28. Rh4 g5 29. Rh5 Ba5 30. Be1 Qb7 31. Qd1 b4 32. axb4 Rxb4 33. e4 Rxb2 34.
Nd5 exd5 35. exf5 Rcc2 36. Kh1 Rxg2 37. Qa4 Qb8 38. Bg3 Qb5 39. Qxb5 axb5 40.
Bd6 Bc3 41. Rh3 b4 42. Ra1 Ra2 43. Rxa2 Rxa2 44. Re3 Ra1+ 45. Kg2 Re1 46. Rd3
h5 47. h3 h4 48. Bc5 Kg7 49. Kf2 Re4 50. Bb6 Kh6 51. Kf3 g4+ 52. hxg4 Kg5 53.
Bc5 Rxg4 54. Ke2 Rg2+ 0-1

[Event "MCRE_KT29"]
[Site "?"]
[Date "????.??.??"]
[Round "?"]
[White "Cerveny, Libor"]
[Black "Struzka, Vlastimil"]
[Result "1-0"]
[WhiteElo "1935"]
[BlackElo "2094"]
[PlyCount "115"]
[EventDate "2007.??.??"]
[EventType "tourn"]
[EventRounds "2"]
[SourceDate "2007.01.09"]

1. e4 c5 2. Nf3 Nc6 3. d4 cxd4 4. Nxd4 g6 5. Nc3 Bg7 6. Be3 Nf6 7. Nxc6 bxc6 8.
e5 Ng8 9. Bd4 Qc7 10. f4 Nh6 11. Be2 O-O 12. O-O Rd8 13. Qe1 Nf5 14. Bf2 d6 15.
exd6 Nxd6 16. Rd1 Bf5 17. Bd3 Rab8 18. b4 Bxd3 19. Rxd3 Rxb4 20. Nd5 cxd5 21.
Qxb4 Ne4 22. Qa4 a5 23. Qb3 Nxf2 24. Rxf2 e6 25. Qa4 Bf8 26. Kf1 Rb8 27. Rb3
Rb4 28. Rxb4 axb4 29. Qb3 Qc5 30. Rf3 Bg7 31. Rd3 h5 32. g3 Bf6 33. Kg2 Ba1 34.
h3 d4 35. Rf3 Bc3 36. g4 Kg7 37. gxh5 gxh5 38. Rf2 Kf6 39. Qb1 Ke7 40. Qd1 Kd6
41. Qf3 Qf5 42. Re2 f6 43. Qe4 Qxe4+ 44. Rxe4 Kd5 45. Kf3 Bb2 46. Re1 Bc3 47.
Rg1 e5 48. fxe5 fxe5 49. Rg5 h4 50. Ke2 Bb2 51. Rh5 Bc1 52. Rxh4 Bf4 53. Rh8
Bg5 54. h4 Bf6 55. Rh6 Be7 56. h5 e4 57. Rg6 Bf8 58. h6 1-0

[Event "MCRE_KT29"]
[Site "?"]
[Date "????.??.??"]
[Round "?"]
[White "Struzka, Vlastimil"]
[Black "Skula, Jindrich"]
[Result "1/2-1/2"]
[WhiteElo "2094"]
[BlackElo "1800"]
[PlyCount "45"]
[EventDate "2007.??.??"]
[EventType "tourn"]
[EventRounds "2"]
[SourceDate "2007.01.09"]

1. d4 Nf6 2. c4 e6 3. Nc3 d5 4. Nf3 c6 5. e3 Bd6 6. Bd3 dxc4 7. Bxc4 Nbd7 8. e4
e5 9. dxe5 Nxe5 10. Nxe5 Bxe5 11. Qxd8+ Kxd8 12. Bg5 Ke7 13. f4 Bxc3+ 14. bxc3
Be6 15. Bd3 h6 16. Bh4 g5 17. fxg5 hxg5 18. Bxg5 Rag8 19. Be3 b6 20. Kf1 Bh3
21. gxh3 Rxh3 22. Ke2 Rg2+ 23. Kf1 1/2-1/2

[Event "MCRE_KT29"]
[Site "?"]
[Date "????.??.??"]
[Round "?"]
[White "Slechta, Vladimir"]
[Black "Cerveny, Libor"]
[Result "1/2-1/2"]
[WhiteElo "1994"]
[BlackElo "1935"]
[PlyCount "158"]
[EventDate "2007.??.??"]
[EventType "tourn"]
[EventRounds "2"]
[SourceDate "2007.01.09"]

1. d4 d5 2. c4 c6 3. Nf3 Nf6 4. Nc3 dxc4 5. e4 b5 6. a4 b4 7. Na2 Nxe4 8. Bxc4
e6 9. O-O Be7 10. Re1 Nf6 11. Bg5 a5 12. Nc1 Nbd7 13. Nb3 O-O 14. Rc1 h6 15.
Bh4 Bb7 16. Qe2 Re8 17. Bd3 Nd5 18. Bg3 N5b6 19. Ne5 Nxe5 20. Bxe5 Nxa4 21. Rc2
Bf8 22. Ra1 Nb6 23. Rxa5 Nd7 24. Rxa8 Qxa8 25. f4 Qa4 26. Qf3 Rd8 27. Be4 Ba8
28. h4 Be7 29. Kh2 Nxe5 30. fxe5 Bxh4 31. Bxc6 Bxc6 32. Rxc6 Qa7 33. Rc1 Be7
34. Rc4 Qd7 35. Qc6 Qxc6 36. Rxc6 Ra8 37. Rc7 Bg5 38. Kg3 Ra2 39. Rc2 Kh7 40.
Kf3 Be7 41. Nc1 Ra7 42. Nd3 Rb7 43. g4 g6 44. b3 h5 45. gxh5 gxh5 46. Nf4 h4
47. d5 exd5 48. Nxd5 Kh6 49. Kf4 Bd8 50. Kg4 Rd7 51. Rc6+ Kg7 52. Rc5 Rb7 53.
Rc8 Rd7 54. Rc5 Rb7 55. Ne3 Kf8 56. Nd5 Ke8 57. Rc4 Rb5 58. Nf6+ Kf8 59. Rc8
Ke7 60. Kf5 h3 61. Rc2 Ra5 62. Rd2 Bb6 63. Rd7+ Kf8 64. Rb7 Ra8 65. e6 Ra5+ 66.
Kf4 fxe6 67. Nh7+ Ke8 68. Rxb6 Ra3 69. Rxe6+ Kd8 70. Re3 h2 71. Rh3 Rxb3 72.
Rxh2 Kc7 73. Ng5 Kc6 74. Nf3 Rc3 75. Ke4 Kb5 76. Nd4+ Ka4 77. Ra2+ Ra3 78. Rf2
b3 79. Rf8 Kb4 1/2-1/2

[Event "MCRE_KT29"]
[Site "?"]
[Date "????.??.??"]
[Round "?"]
[White "Cerveny, Libor"]
[Black "Slechta, Vladimir"]
[Result "0-1"]
[WhiteElo "1938"]
[BlackElo "1994"]
[PlyCount "160"]
[EventDate "2007.??.??"]
[EventType "tourn"]
[EventRounds "2"]
[SourceDate "2007.01.09"]

1. e4 e5 2. Nf3 Nf6 3. d4 Nxe4 4. Bd3 d5 5. Nxe5 Nd7 6. O-O Nxe5 7. dxe5 Nc5 8.
Be2 c6 9. Be3 Bf5 10. f4 Na4 11. g4 Bc8 12. b3 Bc5 13. Bxc5 Nxc5 14. Qd4 Ne6
15. Qe3 h5 16. g5 Qb6 17. Qxb6 axb6 18. Nd2 Nd4 19. Bd3 Bh3 20. Rf2 h4 21. c3
Ne6 22. a4 b5 23. a5 b6 24. b4 bxa5 25. bxa5 Nc5 26. Bc2 Ke7 27. Nf3 g6 28. Nd4
Ra6 29. Ra3 Bd7 30. Kf1 Rg8 31. Nb3 Na4 32. Rf3 Bg4 33. Rf2 c5 34. Rd2 Be6 35.
Rd1 Rc8 36. Nd2 Rxa5 37. Rda1 Bd7 38. Ke1 Bc6 39. Bd1 Rd8 40. Nb3 Raa8 41. Bf3
Kd7 42. Rc1 Kc7 43. Ra2 Kb6 44. Kf2 Nxc3 45. Rxa8 Rxa8 46. Rxc3 Ra2+ 47. Kg1
Ra3 48. Re3 c4 49. e6 cxb3 50. exf7 b2 51. Re1 Ra1 52. Bd1 b1=Q 53. f8=Q Qd3
54. Qd8+ Ka6 55. Qc8+ Bb7 56. Re6+ Ka5 57. Qc7+ Kb4 58. Qd6+ Kc3 59. Qc5+ Qc4
60. Qe3+ Kb4 61. Qe1+ Kc5 62. Qf2+ d4 63. Re5+ Kb6 64. Re1 Qd3 65. Qf1 Qd2 66.
Re6+ Ka5 67. Re2 Qxd1 68. Ra2+ Kb6 69. Rxa1 Qg4+ 70. Kf2 Qf3+ 71. Kg1 Qh1+ 72.
Kf2 Qxh2+ 73. Ke1 Qg3+ 74. Qf2 Qc3+ 75. Qd2 Qxa1+ 76. Ke2 h3 77. Qb4 h2 78.
Qd6+ Bc6 79. Qb8+ Ka6 80. Qd8 Kb7 0-1

[Event "MCRE_KT29"]
[Site "?"]
[Date "????.??.??"]
[Round "?"]
[White "Struzka, Vlastimil"]
[Black "Slechta, Vladimir"]
[Result "1/2-1/2"]
[WhiteElo "2094"]
[BlackElo "1994"]
[PlyCount "110"]
[EventDate "2007.??.??"]
[EventType "tourn"]
[EventRounds "2"]
[SourceDate "2007.01.09"]

1. d4 d5 2. c4 c6 3. e3 e6 4. Nf3 Nf6 5. Bd3 Nbd7 6. Nbd2 Bd6 7. O-O O-O 8. e4
e5 9. cxd5 cxd5 10. Re1 Qc7 11. exd5 exd4 12. Ne4 Nxd5 13. Nxd6 Qxd6 14. Bf1 b6
15. Qxd4 Bb7 16. Bd2 Rfe8 17. Rad1 a6 18. Bc4 Qc5 19. Qh4 N5f6 20. Bb4 Rxe1+
21. Rxe1 Qf5 22. Nd4 Qg6 23. Qh3 Re8 24. Rxe8+ Nxe8 25. Bf1 Ndf6 26. Qe3 Qe4
27. Qxe4 Nxe4 28. f3 N4f6 29. a4 Nd5 30. Bd2 Nd6 31. Kf2 g6 32. b4 Kg7 33. b5
axb5 34. axb5 Kf6 35. Bd3 Ke5 36. Ne2 Bc8 37. g4 Bd7 38. f4+ Kf6 39. g5+ Ke7
40. Nd4 f5 41. gxf6+ Kxf6 42. Be3 Nc3 43. Bd2 Nde4+ 44. Bxe4 Nxe4+ 45. Ke3 Nd6
46. Bb4 Nf5+ 47. Ke4 Nxd4 48. Bc3 Bxb5 49. Bxd4+ Ke6 50. Bxb6 Bc6+ 51. Ke3 Kf5
52. Bc7 Kg4 53. Be5 Bg2 54. Bd6 Kh3 55. Kf2 Be4 1/2-1/2

[Event "MCRE_KT29"]
[Site "?"]
[Date "????.??.??"]
[Round "?"]
[White "Struzka, Vlastimil"]
[Black "Kratochvil, Jan"]
[Result "1-0"]
[WhiteElo "2094"]
[BlackElo "1829"]
[PlyCount "89"]
[EventDate "2007.??.??"]
[EventType "tourn"]
[EventRounds "2"]
[SourceDate "2007.01.09"]

1. d4 Nf6 2. c4 c5 3. e3 g6 4. Nf3 Bg7 5. Nc3 O-O 6. Be2 cxd4 7. Qxd4 h6 8. Qh4
g5 9. Qg3 Nh5 10. Qh3 Nf6 11. Nd2 d5 12. Qg3 Nc6 13. O-O d4 14. Nb5 d3 15. Bd1
a6 16. Nc3 Be6 17. Kh1 Rc8 18. f4 Qc7 19. e4 gxf4 20. Rxf4 Kh8 21. Nd5 Qd6 22.
Qe3 Nd7 23. Rb1 Nce5 24. b3 f6 25. Bb2 b5 26. Rc1 Bf7 27. Rh4 Kh7 28. Bd4 Ng6
29. Rh3 Nde5 30. Bh5 Qa3 31. Rg1 bxc4 32. Nxc4 Nxc4 33. bxc4 Ne5 34. c5 Bxh5
35. Rxh5 Rfe8 36. g4 Qa4 37. g5 Ng4 38. gxf6 exf6 39. Rxg4 Qd1+ 40. Rg1 Qxh5
41. Bxf6 Rg8 42. Qxd3 Rcf8 43. e5+ Kh8 44. Nf4 Bxf6 45. Rxg8+ 1-0

[Event "MCRE_KT29"]
[Site "?"]
[Date "????.??.??"]
[Round "?"]
[White "Cerveny, Libor"]
[Black "Skula, Jindrich"]
[Result "1/2-1/2"]
[WhiteElo "1935"]
[BlackElo "1800"]
[PlyCount "91"]
[EventDate "2007.??.??"]
[EventType "tourn"]
[EventRounds "2"]
[SourceDate "2007.01.09"]

1. e4 e5 2. Nf3 Nc6 3. Bc4 Bc5 4. c3 Nf6 5. d3 O-O 6. Bg5 h6 7. Bh4 Be7 8. Nbd2
d6 9. a4 Nh5 10. Bg3 Bg5 11. Nxg5 Qxg5 12. Nf3 Qf6 13. O-O Be6 14. Bxe6 Qxe6
15. Nh4 Nxg3 16. fxg3 Ne7 17. Qe2 Rad8 18. c4 c6 19. Qe3 b6 20. a5 Rb8 21. Rf2
c5 22. axb6 axb6 23. Ra6 b5 24. b3 Rb7 25. Ra1 Rfb8 26. Raf1 Nc6 27. Nf5 Nd4
28. Nxd4 cxd4 29. Qc1 Ra8 30. h3 b4 31. g4 Ra3 32. Rb2 Qe7 33. Qd1 Qd8 34. Kh2
Rb8 35. Rf5 f6 36. Qd2 Qe8 37. Rf1 Qf7 38. Rbb1 Qb7 39. Qf2 Rba8 40. Qf5 Qe7
41. Rf2 Ra2 42. Rxa2 Rxa2 43. Qc8+ Qf8 44. Qb7 Qa8 45. Qd7 Rxg2+ 46. Kxg2
1/2-1/2

[Event "MCRE_KT29"]
[Site "?"]
[Date "????.??.??"]
[Round "?"]
[White "Kratochvil, Jan"]
[Black "Struzka, Vlastimil"]
[Result "1-0"]
[WhiteElo "1829"]
[BlackElo "2094"]
[PlyCount "123"]
[EventDate "2007.??.??"]
[EventType "tourn"]
[EventRounds "2"]
[SourceDate "2007.01.09"]

1. e4 c5 2. Nc3 Nc6 3. Nf3 Nf6 4. Bb5 g6 5. e5 Ng4 6. Bxc6 dxc6 7. h3 Nh6 8. g4
Bg7 9. Qe2 O-O 10. d3 Qb6 11. Nd2 Be6 12. Nb3 a5 13. Qe3 Bxb3 14. axb3 f6 15.
O-O Qa7 16. e6 b6 17. Qe1 Kh8 18. f4 f5 19. g5 Ng8 20. Be3 Qc7 21. Qg3 Qd6 22.
Rae1 Rab8 23. Bf2 Bd4 24. Re2 b5 25. Ra1 Ra8 26. Qh4 Rfb8 27. Kh2 Rd8 28. Qg3
Rf8 29. Nd1 Ra6 30. Re1 Rfa8 31. Nc3 a4 32. bxa4 Bg7 33. Rab1 bxa4 34. Nd1 c4
35. dxc4 Rd8 36. c5 Qb8 37. Ne3 Qb4 38. h4 Qe4 39. h5 gxh5 40. c3 Rb8 41. Ng2
Qc2 42. Rbc1 Qd2 43. Rcd1 Qc2 44. Ne3 Qe4 45. Nd5 Qc2 46. Nb4 Rxb4 47. cxb4
Qxb2 48. Rb1 Qa2 49. Qe3 h6 50. Qf3 a3 51. Rb3 Qc2 52. Re2 Qc4 53. Ra2 Bb2 54.
Raxb2 axb2 55. Rxb2 Kh7 56. Qxh5 Qxe6 57. Bd4 Qg6 58. Qh3 Ra7 59. Rg2 e5 60.
Bxe5 Rd7 61. b5 cxb5 62. c6 1-0

[Event "MCRE_KT29"]
[Site "?"]
[Date "????.??.??"]
[Round "?"]
[White "Skula, Jindrich"]
[Black "Kratochvil, Jan"]
[Result "1/2-1/2"]
[WhiteElo "1800"]
[BlackElo "1829"]
[PlyCount "96"]
[EventDate "2007.??.??"]
[EventType "tourn"]
[EventRounds "2"]
[SourceDate "2007.01.09"]

1. e4 e5 2. Nf3 Nc6 3. Bb5 Nf6 4. O-O Nxe4 5. Re1 Nd6 6. Nxe5 Be7 7. Bf1 Nxe5
8. Rxe5 O-O 9. Qf3 Ne8 10. Re1 d5 11. d4 c6 12. Bd3 Bd6 13. Bf4 Qf6 14. Be5
Qxf3 15. gxf3 Bxe5 16. Rxe5 Nd6 17. c3 f6 18. Re2 Bf5 19. Bxf5 Nxf5 20. Nd2
Rfe8 21. Rae1 Kf8 22. Kf1 b6 23. Rxe8+ Rxe8 24. Rxe8+ Kxe8 25. Ke2 Kd7 26. Nf1
Ke6 27. b3 h5 28. Ne3 g5 29. Ng2 c5 30. dxc5 bxc5 31. Kd3 Nd6 32. Ke2 Ke5 33.
Ne1 Nb5 34. Kd3 f5 35. c4 Nd6 36. cxd5 f4 37. Ng2 h4 38. h3 Kxd5 39. Ne1 a6 40.
Kd2 Nb5 41. Nc2 a5 42. Kd3 Na7 43. Na3 Nc6 44. Nc4 Nb4+ 45. Kd2 Nxa2 46. Nxa5
Nc3 47. Kxc3 Kd6 48. Kc4 Ke6 1/2-1/2

[Event "MCRE_KT29"]
[Site "?"]
[Date "????.??.??"]
[Round "?"]
[White "Skula, Jindrich"]
[Black "Cerveny, Libor"]
[Result "0-1"]
[WhiteElo "1800"]
[BlackElo "1935"]
[PlyCount "110"]
[EventDate "2007.??.??"]
[EventType "tourn"]
[EventRounds "2"]
[SourceDate "2007.01.09"]

1. d4 d5 2. c4 c6 3. Nc3 dxc4 4. Nf3 Nf6 5. e4 b5 6. Be2 e6 7. O-O Be7 8. Qc2
O-O 9. b3 cxb3 10. axb3 Na6 11. Bg5 Nb4 12. Qd2 a5 13. Rfc1 Bb7 14. Bf1 h6 15.
Be3 Rc8 16. Ne5 c5 17. f3 cxd4 18. Bxd4 Bc5 19. Nxb5 Nc2 20. Rxc2 Bxd4+ 21.
Nxd4 Rxc2 22. Qe3 Rc8 23. Nc4 Ra8 24. Qd2 Qc7 25. Rxa5 Rfd8 26. Nb5 Qc5+ 27.
Qf2 Qb4 28. Na7 Rd7 29. Qb6 Qe1 30. Ra2 Rd1 31. Rf2 Ra1 32. Qxb7 R1xa7 33. Qb6
Ra1 34. Qe3 Qxe3 35. Nxe3 Rb1 36. Rd2 Rxb3 37. Kf2 Kf8 38. Nc4 Rb1 39. Be2 Rh1
40. h3 Nh5 41. Nb6 Raa1 42. Rd8+ Ke7 43. Rd7+ Kf6 44. e5+ Kg6 45. Bc4 Rac1 46.
Bd3+ f5 47. exf6+ Kxf6 48. Rb7 Nf4 49. Nd7+ Ke7 50. Ne5+ Kd6 51. Nf7+ Kc5 52.
Rb5+ Kc6 53. Ne5+ Kc7 54. Be4 g5 55. Nf7 Rcd1 0-1

[Event "MCRE_KT29"]
[Site "?"]
[Date "????.??.??"]
[Round "?"]
[White "Skula, Jindrich"]
[Black "Slechta, Vladimir"]
[Result "0-1"]
[WhiteElo "1800"]
[BlackElo "1994"]
[PlyCount "87"]
[EventDate "2007.??.??"]
[EventType "tourn"]
[EventRounds "2"]
[SourceDate "2007.01.09"]

1. e4 e5 2. Nf3 Nf6 3. d4 Nxe4 4. Bd3 d5 5. Nxe5 Nd7 6. Nxd7 Bxd7 7. O-O Bd6 8.
c4 c6 9. cxd5 cxd5 10. Qh5 O-O 11. Qxd5 Bc6 12. Qh5 g6 13. Qh3 Ng5 14. Qh6 Be7
15. Be3 Ne6 16. Nc3 Bf6 17. Rad1 Bg7 18. Qh3 Nxd4 19. Bc4 Bd7 20. Qg3 Nf5 21.
Qf4 Qc8 22. Nd5 Re8 23. Bd3 Qc6 24. Bxf5 Bxf5 25. Qh4 Kh8 26. f3 f6 27. Rfe1 b6
28. a3 Rac8 29. Nc3 Kg8 30. a4 Qc4 31. Rd4 Qb3 32. Rb4 Qf7 33. Rd4 Re5 34. Rdd1
Rce8 35. Bf2 Rxe1+ 36. Rxe1 Rxe1+ 37. Bxe1 h6 38. Nb5 Qe7 39. h3 Kh8 40. Qb4
Qxb4 41. Bxb4 a6 42. Nc7 Bc2 43. Nxa6 Bxa4 44. Bc3 0-1

[Event "MCRE_KT29"]
[Site "?"]
[Date "????.??.??"]
[Round "?"]
[White "Slechta, Vladimir"]
[Black "Skula, Jindrich"]
[Result "1-0"]
[WhiteElo "1994"]
[BlackElo "1800"]
[PlyCount "86"]
[EventDate "2007.??.??"]
[EventType "tourn"]
[EventRounds "2"]
[SourceDate "2007.01.09"]

1. d4 d5 2. c4 c6 3. Nf3 Nf6 4. Nc3 dxc4 5. e4 b5 6. Be2 e6 7. O-O Be7 8. a4 b4
9. e5 Nd5 10. Ne4 Ba6 11. Bd2 O-O 12. Rc1 c3 13. bxc3 bxc3 14. Bxc3 Bxe2 15.
Qxe2 Nd7 16. Bd2 Qc7 17. Rc2 Rab8 18. Rfc1 Rfc8 19. Qa6 Rb6 20. Qf1 Nb4 21. a5
Rbb8 22. Rc4 Rb7 23. Qd1 Rcb8 24. Nfg5 h6 25. Nxf7 Kxf7 26. Qh5+ g6 27. Qxh6
Nf8 28. h4 Kg8 29. h5 Nd3 30. Rxc6 Qd8 31. hxg6 Nxc1 32. g7 Ne2+ 33. Kh2 Nh7
34. Qxe6+ Kxg7 35. Qg4+ Kh8 36. Rh6 Qxd4 37. Qxe2 Bb4 38. Bg5 Qxe5+ 39. f4 Qf5
40. g4 Qb5 41. Qb2+ Rg7 42. Bf6 Bf8 43. Qc2 Kg8 1-0

[Event "MCRE_KT29"]
[Site "?"]
[Date "????.??.??"]
[Round "?"]
[White "Kratochvil, Jan"]
[Black "Skula, Jindrich"]
[Result "1/2-1/2"]
[WhiteElo "1829"]
[BlackElo "1800"]
[PlyCount "118"]
[EventDate "2007.??.??"]
[EventType "tourn"]
[EventRounds "2"]
[SourceDate "2007.01.09"]

1. e4 e5 2. Nf3 Nf6 3. Bb5 c6 4. Be2 d5 5. d4 Nxe4 6. dxe5 f6 7. exf6 Qxf6 8.
Nbd2 Be7 9. O-O Nxd2 10. Bxd2 Qd6 11. c4 O-O 12. Bc3 Nd7 13. Re1 b6 14. Nd4 Nc5
15. Nxc6 Qxc6 16. Bf3 Rxf3 17. Qxf3 Bf8 18. Rad1 Bb7 19. cxd5 Qd7 20. Qh5 Qf7
21. Qxf7+ Kxf7 22. Rd4 Rd8 23. Red1 Bd6 24. Rg4 g6 25. Rh4 h5 26. Rhd4 Re8 27.
h3 g5 28. Rf1 Be5 29. Rdd1 Bxc3 30. bxc3 Ne4 31. c4 Ba6 32. Rd4 Nc3 33. Kh1 Ne2
34. Rd2 Re4 35. d6 Ke8 36. d7+ Kd8 37. a3 Bxc4 38. Rfd1 g4 39. Kh2 gxh3 40.
gxh3 Rf4 41. Kg2 Rf7 42. h4 Bb3 43. Re1 Bd5+ 44. Kf1 Nf4 45. Re5 Rxd7 46. Kg1
Kc7 47. Kh2 Kc6 48. Rf5 Ne6 49. Rxh5 Kc5 50. Re5 Nd4 51. Kg3 Kc4 52. f4 Rg7+
53. Rg5 Rf7 54. Re5 Bb7 55. Rf2 Rg7+ 56. Rg5 Rc7 57. f5 Kd5 58. Kf4 Rf7 59. Ke3
Re7+ 1/2-1/2

[Event "MCRE_KT29"]
[Site "?"]
[Date "????.??.??"]
[Round "?"]
[White "Skula, Jindrich"]
[Black "Struzka, Vlastimil"]
[Result "1-0"]
[WhiteElo "1800"]
[BlackElo "2094"]
[PlyCount "43"]
[EventDate "2007.??.??"]
[EventType "tourn"]
[EventRounds "2"]
[SourceDate "2007.01.09"]

1. e4 c5 2. Nf3 Nc6 3. d4 cxd4 4. Nxd4 g6 5. Be3 Bg7 6. Nc3 Nf6 7. Nxc6 bxc6 8.
Be2 O-O 9. f4 d5 10. e5 Ne8 11. O-O f6 12. Qd4 Bf5 13. g4 Bd7 14. Na4 Qc7 15.
Nc5 fxe5 16. fxe5 Rxf1+ 17. Rxf1 Bxe5 18. Rf8+ Kg7 19. Bh6+ Kxh6 20. Qf2 Bf6
21. Rg8 Bg5 22. Qf8+ 1-0